Μαρξισμός και κοινωνιολογία : προβλήματα συγκριτικής κοινωνιολογίας
Αποθηκεύτηκε σε:
| Κύριος συγγραφέας: | |
|---|---|
| Μορφή: | Βιβλίο |
| Γλώσσα: | Greek |
| Δημοσίευση: |
Αθήνα :
Κέδρος,
1979.
|
| Θέματα: | |
| Ετικέτες: |
Προσθήκη ετικέτας
Δεν υπάρχουν, Καταχωρήστε ετικέτα πρώτοι!
|
MARC
| LEADER | 00000cam a2200000 i 4500 | ||
|---|---|---|---|
| 001 | 1/65033 | ||
| 008 | 950407s1979 gr | ||| |||| ||gre|| | ||
| 035 | |a 1987 |c Αγορά |l 10029546 | ||
| 040 | |a GR-MY-UA |b gre |e aacr | ||
| 041 | 0 | |a gre | |
| 082 | 7 | |a 301.01 |2 (22) | |
| 100 | 1 | |a Τερλεξής, Πανταζής. | |
| 245 | 1 | 0 | |a Μαρξισμός και κοινωνιολογία : |b προβλήματα συγκριτικής κοινωνιολογίας / |c Πανταζής Τερλεξής. |
| 260 | |a Αθήνα : |b Κέδρος, |c 1979. | ||
| 300 | |a 183 σ. ; |c 24 εκ. | ||
| 504 | |a Περιλαμβάνει βιβλιογραφικές παραπομπές και ευρετήριο. | ||
| 650 | 0 | 0 | |a Sociology |x Methodology. |
| 650 | 0 | 0 | |a Marxian school of sociology. |
| 650 | 0 | 0 | |a Sociology |x Philosophy. |
| 852 | |a INST |b CHIOS |e 19950407 |h 301.01 ΤΕΡ |p 005200001847 |q 005200001847 |t BK |y 0 | ||
| 852 | |a INST |b RHODES |e 19960703 |h 301.01 ΤΕΡ |p 005400004678 |q 005400004678 |t BK |y 0 | ||
| 909 | |a Ρ |b 006230 | ||
| 909 | |a Χ |b 003284 | ||
| 970 | |z 1995/04 | ||